La ciudad sitiada /

Guardado en:
Detalles Bibliográficos
Autor principal: Lispector, Clarice (autor)
Formato: Libro
Idioma:Español
Publicado: Madrid, España : Siruela, 2006, c2006
Colección:(Libros del Tiempo ; 227)
Temas:
Etiquetas: Agrega una etiqueta
Sin etiquetas, Sé el primero en etiquetar este registro!

MARC

LEADER 00000nam^a2200000^a^4500
001 000318180
005 20250521000000.0
008 110905 20062006
009 20260310113405.191
020 |a 978-84-7844-991-0 
037 |a Acervo ITESO - Biblioteca 
041 |a ESP 
082 |a 869.  |b LIS 
100 |a Lispector, Clarice  |e (autor) 
245 1 3 |a La ciudad sitiada /  |c C. Lispector ; tr. por Elena Losada. 
264 4 |a Madrid, España :  |b Siruela,  |c 2006, c2006 
300 |a 183 p. 
336 |a texto  |b txt  |2 rdacontenido 
337 |a sin mediación  |b n  |2 rdamedio 
338 |a volumen  |b nc  |2 rdasoporte 
440 1 |a (Libros del Tiempo ;  |v 227) 
500 |a Traducción de: A cidade sitiada 
545 0 |a La brasileña Clarice Lispector (Ucrania, 1920-Río de Janeiro, 1977), estudió Derecho en Río de Janeiro, aunque su vocación literaria se manifestó prácticamente desde la adolescencia. Obtuvo con su primer libro, Cerca del corazón salvaje (1943), el Premio Graça Aranha de ese año. Introductora de la línea introspectiva en la narrativa brasileña, usó en su escritura el fluir de conciencia, incluso antes de saber de James Joyce y Virginia Woolf. Preocupada por los límites de la palabra y por atrapar el misterio y lo inaprehensible, se mueve en una temática marcadamente intimisma y feminista. Lazos de familia (1960), La manzana en la oscuridad 1961), La pasión según G.H. (1963), Aprendizaje o el libro de los placeres (1969), Felicidad clandestina (1971) y La hora de la estrella (1977), son algunos de sus textos. 
649 |a XX 
650 |a Novela Brasileña 
650 |a Literatura Brasileña -  |y Siglo XX 
650 |a Literatura de Mujeres -  |z Brasil 
910 |a Fondo General 
920 |a Impresos - Libros 
930 |a Colección General 
940 |a Literatura 
905 |a 101 
901 |a 0500205064  |b IT1  |c LIT  |i C130868  |u 20250521 
902 |a https://opac.biblio.iteso.mx/vufind/Record/000318180